000 00511pab a2200169 454500
008 180718b1998 xxu||||| |||| 00| 0 eng d
100 _aBanerjee, Sarmila
245 _aOn construction of district development index in West Bengal
260 _c1998
300 _ap.3019-026
362 _a21 Nov & 28 Dec
650 _aEconomic and social development - India - West Bengal
650 _aEconomic and social development
700 _aRay, Samik
773 _aEconomic and Political Weekly
909 _a39609
999 _c39609
_d39609